Загрузка...
അഹല്യ /
| Главный автор: | |
|---|---|
| Другие авторы: | |
| Формат: | Printed Book |
| Опубликовано: |
Kottayam:
SPCS,
1992.
|
| Предметы: |
| LEADER | 00509cam a2200169ua 4500 | ||
|---|---|---|---|
| 020 | |a 1 | ||
| 082 | |a 923.5 |b CHA/A | ||
| 100 | |a ചന്ദ്രൻ, പി. ആർ. | ||
| 245 | 1 | 2 | |a അഹല്യ / |
| 260 | |a Kottayam: |b SPCS, |c 1992. | ||
| 300 | |a 109p. | ||
| 650 | |a Ahalya |a Biography | ||
| 650 | 0 | |a Malayalam Literature | |
| 700 | 0 | 2 | |a Chandran, P.R |
| 942 | |c BK | ||
| 999 | |c 10544 |d 10544 | ||
| 952 | |0 0 |1 0 |4 0 |6 923_500000000000000_CHA |7 0 |9 11000 |a KUCL |b KUCL |d 2014-05-23 |l 0 |o 923.5 CHA/ |p 12410 |r 2014-05-23 |w 2014-05-23 |y BK | ||